Pays avec le plus de surface déserte - Statistiques

Statistiques générales
  • Ce quiz a été pris 866 fois
  • Le résultat moyen est 16 sur 21
Statistiques - réponses
Surface en km2 Pays % Correct
2 100 000 Algérie
97%
500 000 États-Unis
91%
1 900 000 Russie
90%
2 000 000 Chine
88%
900 000 Egypte
88%
2 500 000 Australie
84%
2 100 000 Arabie Saoudite
82%
2 000 000 Canada
80%
1 600 000 Libye
79%
750 000 Mali
78%
1 500 000 Soudan
78%
750 000 Niger
76%
400 000 Mongolie
75%
800 000 Tchad
73%
400 000 Iran
71%
1 000 000 Mauritanie
71%
400 000 Argentine
66%
450 000 Pakistan
53%
500 000 Yemen
53%
450 000 Somalie
49%
500 000 Namibie
47%
Aucun quiz correspondant
Distribution des résultats
% des personnes avec chaque résultat
Percentile par nombre de réponses
Votre historique - résultats
Vous n’avez pas pris ce quiz